Geometría moderna / (Record no. 26159)

MARC details
000 -CABECERA
campo de control de longitud fija 00812nam a2200229 a 4500
005 - FECHA Y HORA DE LA ÚLTIMA TRANSACCIÓN
campo de control 20210223121923.0
008 - ELEMENTOS DE LONGITUD FIJA--INFORMACIÓN GENERAL
campo de control de longitud fija 991125s1986 ea 000 0 spa u
020 ## - NÚMERO INTERNACIONAL NORMALIZADO PARA LIBROS
Número Internacional Estándar del Libro 020104871X
035 ## - NÚMERO DE CONTROL DEL SISTEMA
Número de control de sistema UPN01000026159
049 ## - COLECCIÓN
Colección CG
050 #4 - SIGNATURA TOPOGRÁFICA DE LA BIBLIOTECA DEL CONGRESO
Número de clasificación QA564
Número de documento/Ítem M6.38a
100 1# - ASIENTO PRINCIPAL--NOMBRE PERSONAL
Nombre de persona Moise, Edwim Evariste,
Fechas asociadas al nombre 1918-1998
9 (RLIN) 29273
245 10 - MENCIÓN DE TÍTULO
Título Geometría moderna /
Mención de responsabilidad, etc. Edwin E. Moise, Floyd L. Downs ; colab. José Tola Pasquel, Emilio Lluis Rivera ; tr. por Mariano García.
260 ## - PUBLICACIÓN, DISTRIBUCIÓN, ETC.
Lugar de publicación, distribución, etc. Wilmngton, E.U.A :
Nombre del editor, distribuidor, etc. Addison-Wesley Iberoamericana,
Fecha de publicación, distribución, etc. 1986.
300 ## - DESCRIPCIÓN FÍSICA
Extensión xiii, 578 p. :
Otras características físicas il.
534 ## - NOTA SOBRE LA VERSIÓN ORIGINAL
Frase introductoria Título original:
Mención de título del original Geometry
650 #4 - ASIENTO SECUNDARIO DE MATERIA - TERMINO TEMATICO
Término de materia o nombre geográfico como elemento de entrada GEOMETRIA MODERNA -
Subdivisión general ESTUDIO Y ENSEÑANZA
700 1# - ASIENTO SECUNDARIO--NOMBRE DE PERSONAL
Nombre de persona Downs, Floyd L.,
Término indicativo de función/relación coaut.
700 1# - ASIENTO SECUNDARIO--NOMBRE DE PERSONAL
Nombre de persona Tola Pasquel, José,
Término indicativo de función/relación colab.
700 1# - ASIENTO SECUNDARIO--NOMBRE DE PERSONAL
Nombre de persona Lluis Rivera, Emilio,
Término indicativo de función/relación colab.
905 ## - TIPO DE MATERIAL
Tipo de material Libro
Holdings
Estado de retiro Estado de pérdida Fuente del sistema de clasificación o colocación Estado dañado No para préstamo Código de colección Localización permanente Ubicación/localización actual Ubicación en estantería Fecha de adquisición Total de préstamos Clasificación Código de barras Fecha visto por última vez Fecha del último préstamo Número de copia Tipo de ítem Koha
    Library of Congress Classification     Colección General Bib. Gregorio Torres Quintero Bib. Gregorio Torres Quintero Planta baja 25/04/2024 5 QA564 M6.38a 157461 09/05/2024 25/04/2024 1 Libro